1246 1838 1209 1293 1653 1012 1229 1766 1450 1881 1502 1121 1274 1245 1038 1563 1735 1194 1931 1720 1265 1264 1725 1595 1388 1897 1667 1106 1473 1465 1074 1797 1429 1753 1478 1944 1205 1237 1238 1105 1307 1517 1019 1915 1976 1004 1408 1859 1792 1197 1083 1013 1348 1219 1083 1213 1326 1365 1353 1838 1659 1377 1643 1904 1847 1705 1241 1218 1971 1176 1762 1444 1119 1433 1088 1800 1113 1815 1413 1191 1819 1189 1615 1649 1846 1639 1214 1695 1893 1805 1399 1729 1783 1269 1260 1455 1356 1138 1052 BCNSPRNW ULIB Ver.6.0+V

เปลี่ยนเป็นภาษาไทย

Change to English
 แสดงรายละเอียดบรรณานุกรม
  กลับหน้าหลัก

Brief Record : Get Marc (ISO 2709) : E-mail record : QR code < ปิดหน้าต่าง
LEADER : 00000nam 2200000uu 4500
001    13399122820
003     ULIB
008    130927s2555||||th 000 0 tha d
020    ^a9786167078304
090    นว.^bภ21พ
100 0  ^aภาคินัย
245 10 ^aพิพิธภัณฑ์ หุ่น หั่น หัว /^cภาคินัย [นามแฝง]
260    ^aกรุงเทพฯ :^bโซฟา พับลิชชิ่ง,^c2555
300    ^a304 หน้า
945    ^p225^l0^i034046
999    ^aเกษร โพธิ์สุวรรณ
รายการนี้ยังไม่มีแท็ก
คุณยังไม่ได้ล็อกอิน คุณสามารถมีกิจกรรมร่วมกับเว็บไซต์ได้ แต่ต้องล็อกอินก่อน ::
  ล็อกอิน

รายการสื่อสารสนเทศ

ลำดับที่ ประเภท เลขเรียก/บาร์โค้ด สถานที่ สถานะ
1. นวนิยาย
นวนิยาย
นว. ภ21พ ฉ.1 
  Barcode: 034046
ห้องสมุดวิทยาเขตสวรรค์ประชารักษ์
►นวนิยาย
บนชั้น
  ขอยืม

รายการใกล้เคียง
    ผู้แต่ง [ภาคินัย]

BibComment


ยังไม่เคยถูกคอมเมนท์

คอมเมนท์ทรัพยากรรายการนี้
  คอมเมนท์: พิพิธภัณฑ์ หุ่น ..


 Copyright 2026. Bcnsprnw @Library